[Event "Salento op 2nd"]
[Site "Gallipoli"]
[Date "2013.05.28"]
[Round "5"]
[White "Wynarczyk, Raymond"]
[Black "De Giorgi, Stefano"]
[Result "1/2-1/2"]
[WhiteElo "1959"]
[BlackElo "2102"]
[PlyCount "88"]
[EventDate "2013.05.25"]
[EventType "swiss"]
[EventRounds "9"]
[EventCountry "ITA"]
[SourceTitle "EXT 2014"]
[Source "ChessBase"]
[SourceDate "2013.11.20"]
[SourceVersion "1"]
[SourceVersionDate "2013.11.20"]
[SourceQuality "1"]

1. e4 e6 2. d4 d5 3. Nc3 Bb4 4. e5 Ne7 5. a3 Bxc3+ 6. bxc3 b6 7. a4 Ba6 8. Bb5+ Bxb5 9. axb5 c6 10. Qd3 cxb5 11. Qxb5+ Qd7 12. c4 dxc4 13. Qxc4 0-0 14. Ba3 Rc8 15. Qd3 Nbc6 16. Nf3 Nf5 17. Rd1 Qd5 18. 0-0 b5 19. Bc5 a6 20. Rfe1 h5 21. Ng5 Qc4 22. Qf3 g6 23. h3 h4 24. c3 a5 25. g4 hxg3 26. fxg3 b4 27. g4 Nh6 28. cxb4 axb4 29. Ne4 Ra3 30. Re3 Qc2 31. Rxa3 bxa3 32. Bxa3 Rb8 33. Qd3 Qa2 34. Qd2 Qxd2 35. Rxd2 Rb3 36. Bc1 Rxh3 37. Kg2 Re3 38. Nf6+ Kg7 39. Rc2 Nxd4 40. Rc8 Re2+ 41. Kf1 Rc2 42. Ne8+ Kh7 43. Nf6+ Kg7 44. Ne8+ Kh7 1/2-1/2

[Event "Sant' Anna op 10th"]
[Site "Pisignano di Vernole"]
[Date "2007.08.11"]
[Round "7"]
[White "Pace, Colin"]
[Black "De Giorgi, Stefano"]
[Result "1/2-1/2"]
[WhiteElo "2153"]
[BlackElo "2086"]
[PlyCount "118"]
[EventDate "2007.08.07"]
[EventType "swiss"]
[EventRounds "7"]
[EventCountry "ITA"]
[SourceTitle "EXT 2009"]
[Source "ChessBase"]
[SourceDate "2008.11.26"]
[SourceVersion "1"]
[SourceVersionDate "2008.11.26"]
[SourceQuality "1"]

1. e4 e6 2. d4 d5 3. e5 c5 4. c3 Qb6 5. Nf3 Bd7 6. Be2 Bb5 7. 0-0 Bxe2 8. Qxe2 cxd4 9. cxd4 Nc6 10. Be3 Nge7 11. Nc3 Nf5 12. Rac1 a6 13. Qd3 h5 14. Nxd5 Qa5 15. Nc3 Rd8 16. Qc4 Be7 17. Rfd1 Nb4 18. a3 Nd5 19. Nxd5 exd5 20. Qb3 Nxe3 21. Qxe3 Rh6 22. Ng5 Qb6 23. b4 h4 24. Nh3 Rg6 25. f4 Qe6 26. Qf3 Qf5 27. Rc7 Rc6 28. Rxc6 bxc6 29. Nf2 Kf8 30. Nd3 a5 31. bxa5 Bxa3 32. Ra1 Be7 33. a6 Ra8 34. Qe2 Qe4 35. Qxe4 dxe4 36. Nc5 Bxc5 37. dxc5 Ke7 38. Kf2 Ke6 39. Ke3 Kd5 40. Ra5 f5 41. exf6 gxf6 42. g4 hxg3 43. hxg3 f5 44. a7 Kc4 45. g4 fxg4 46. Kxe4 Kb4 47. Ra1 Kxc5 48. f5 Kd6 49. Kf4 g3 50. Kxg3 Ke5 51. Kg4 c5 52. Ra6 c4 53. f6 c3 54. f7 Kd5 55. f8Q Rxf8 56. a8Q+ Rxa8 57. Rxa8 Ke4 58. Rc8 Kd3 59. Kf3 c2 1/2-1/2

[Event "Sant' Anna op 10th"]
[Site "Pisignano di Vernole"]
[Date "2007.08.07"]
[Round "1"]
[White "Guido, Andrea"]
[Black "De Giorgi, Stefano"]
[Result "0-1"]
[WhiteElo "1808"]
[BlackElo "2086"]
[PlyCount "142"]
[EventDate "2007.08.07"]
[EventType "swiss"]
[EventRounds "7"]
[EventCountry "ITA"]
[SourceTitle "EXT 2009"]
[Source "ChessBase"]
[SourceDate "2008.11.26"]
[SourceVersion "1"]
[SourceVersionDate "2008.11.26"]
[SourceQuality "1"]

1. d4 Nf6 2. c4 g6 3. Nc3 Bg7 4. e4 0-0 5. Nge2 d6 6. Ng3 c6 7. Be2 a6 8. a4 h5 9. h4 Qc7 10. Be3 Ng4 11. Bxg4 Bxg4 12. Qd2 Kh7 13. f3 Be6 14. d5 Bd7 15. a5 c5 16. Kf2 b6 17. axb6 Qxb6 18. Na4 Bxa4 19. Rxa4 Qxb2 20. Qxb2 Bxb2 21. Rb1 Bf6 22. Bg5 Bxg5 23. hxg5 Rd8 24. Ne2 Rd7 25. Ra2 Rda7 26. Nc3 Nd7 27. f4 f6 28. gxf6 Nxf6 29. Kf3 g5 30. e5 Ng4 31. Rh1 Kg6 32. exd6 exd6 33. Re2 Rf7 34. Re6+ Rf6 35. Ne4 Ne5+ 36. Ke2 Rxe6 37. dxe6 Nxc4 38. Kd3 Nb6 39. Rb1 Nd5 40. fxg5 Nf4+ 41. Kc3 Nxe6 42. Nxd6 Nxg5 43. Rb6 Kh7 44. Rc6 Rd8 45. Rxc5 Rxd6 46. Rxg5 Kh6 47. Ra5 Rg6 48. Ra2 h4 49. Kd3 Rf6 50. Ke4 Kg5 51. Ke5 a5 52. Ke4 a4 53. Ke3 Rf4 54. Ra3 Kg4 55. Ke2 Rb4 56. Kf2 Rf4+ 57. Ke2 Kf5 58. Ke3 Ke5 59. Ke2 Kd5 60. Rc3 Rc4 61. Rf3 Kc5 62. Rf8 Rc2+ 63. Kf3 Kb4 64. Rb8+ Ka3 65. Ra8 Rc4 66. g4 hxg3 67. Kxg3 Kb3 68. Kf3 a3 69. Ke2 a2 70. Kd2 Ra4 71. Rb8+ Kc4 0-1